Loading...
| Current Events | 1 | 10.00 | 100% | 0% | 0% |
| Fine Arts - Classical Music | 4 | 17.50 | 100% | 75% | 0% |
| Fine Arts - Other | 3 | 13.33 | 67% | 67% | 0% |
| Fine Arts - Painting and Sculpture | 2 | 10.00 | 100% | 0% | 0% |
| Geography | 1 | 10.00 | 100% | 0% | 0% |
| History - American | 3 | 20.00 | 100% | 67% | 33% |
| History - European | 4 | 15.00 | 100% | 50% | 0% |
| History - Other | 2 | 15.00 | 100% | 50% | 0% |
| History - World | 3 | 13.33 | 100% | 33% | 0% |
| Literature - American | 4 | 20.00 | 75% | 75% | 50% |
| Literature - British | 3 | 6.67 | 33% | 33% | 0% |
| Literature - European | 5 | 14.00 | 80% | 40% | 20% |
| Literature - World | 5 | 18.00 | 100% | 40% | 40% |
| Mythology | 4 | 12.50 | 100% | 0% | 25% |
| Other Academic | 1 | 20.00 | 100% | 0% | 100% |
| Philosophy | 2 | 10.00 | 100% | 0% | 0% |
| Religion | 4 | 12.50 | 100% | 0% | 25% |
| Science - Biology | 3 | 16.67 | 100% | 67% | 0% |
| Science - Chemistry | 7 | 11.43 | 71% | 43% | 0% |
| Science - Other | 3 | 10.00 | 100% | 0% | 0% |
| Science - Physics | 4 | 12.50 | 100% | 25% | 0% |
| Social Science | 4 | 20.00 | 100% | 50% | 50% |